000
00207nam a22000857a 4500
020
_a
9772455915000
082
_a
K050
245
_a
NATIONAL GEOGRAPHIC KIDS WEIRD BUT TRUE CUTE SERVALS SEPTEMBER 2019
942
_c
BK
999
_c
5560
_d
5560